[Event "GER-ch 67th"]
[Site "Binz"]
[Date "1995.??.??"]
[Round "6"]
[White "Kirschbaum, Gunnar"]
[Black "Loew, Gerald"]
[Result "0-1"]
[WhiteElo "2205"]
[BlackElo "2285"]
[EventDate "1995.11.??"]
[PlyCount "100"]

1. d4 Nf6 2. c4 e6 3. Nc3 Bb4 4. e3 c5 5. Nge2 cxd4 6. exd4 O-O 7. a3 Be7 8. d5 exd5 9. cxd5 Re8 10. g3 Bc5 11. b4 Bb6 12. Bg2 d6 13. h3 a6 14. O-O Nbd7 15. Kh2 Ne5 16. Na4 Ba7 17. Bb2 Bd7 18. Bd4 Bxd4 19. Nxd4 Rc8 20. Nb2 Qb6 21. Qd2 Nc4 22. Nxc4 Rxc4 23. Rfd1 Rec8 24. Qe3 h6 25. Nf5 Qxe3 26. Nxe3 Rc3 27. a4 Rb3 28. Rdb1 Rxb1 29. Rxb1 Bxa4 30. Nf5 Rd8 31. Rc1 Rd7 32. h4 Ng4+ 33. Kg1 g6 34. Nd4 Re7 35. h5 Ne5 36. Rc8+ Kh7 37. Be4 Bd1 38. f3 Ba4 39. f4 Ng4 40. hxg6+ fxg6 41. Ne6 Nf6 42. Nf8+ Kg7 43. Bxg6 Nd7 44. Be8 Nb6 45. Ne6+ Kf6 46. Bxa4 Nxc8 47. g4 Nb6 48. g5+ hxg5 49. fxg5+ Ke5 50. g6 Nxd5 0-1

[Event "GER-ch 67th"]
[Site "Binz"]
[Date "1995.??.??"]
[Round "6"]
[White "Krause, Ullrich"]
[Black "Vatter, Hans Joachim"]
[Result "1/2-1/2"]
[WhiteElo "2260"]
[BlackElo "2385"]
[EventDate "1995.11.??"]
[PlyCount "34"]

1. Nf3 d6 2. c4 g6 3. Nc3 Bg7 4. g3 e5 5. Bg2 f5 6. d3 Nf6 7. O-O O-O 8. Rb1 h6 9. b4 g5 10. a4 a5 11. b5 Nbd7 12. Ba3 Rb8 13. b6 c5 14. Qb3 Ra8 15. Nb5 Ra6 16. Nxd6 Rxb6 17. Nb5 Re8 1/2-1/2

[Event "GER-ch 67th"]
[Site "Binz"]
[Date "1995.??.??"]
[Round "6"]
[White "Kuraszkiewicz, Michael"]
[Black "Gerstner, Wolfgang"]
[Result "0-1"]
[WhiteElo "2280"]
[BlackElo "2370"]
[EventDate "1995.11.??"]
[PlyCount "94"]

1. d4 d5 2. Bg5 h6 3. Bh4 c6 4. e3 Qb6 5. Qc1 e5 6. Nf3 exd4 7. exd4 Bd6 8. Nbd2 Ne7 9. c4 dxc4 10. Bxc4 Nf5 11. O-O O-O 12. Ne4 Nxh4 13. Nxh4 Qxd4 14. Qc2 Qe5 15. f4 Bc5+ 16. Kh1 Qh5 17. Nxc5 Qxh4 18. f5 Nd7 19. Nxd7 Bxd7 20. Rad1 Rad8 21. f6 gxf6 22. Rd4 Bf5 23. Rxh4 Bxc2 24. Rxh6 Rd4 25. b3 b5 26. Be2 Bg6 27. Rh3 Re8 28. Bf3 Re6 29. Rg3 c5 30. h3 Re3 31. Rg4 b4 32. h4 Kh7 33. Rxd4 cxd4 34. h5 Bc2 35. Kg1 Re5 36. g3 Kh6 37. Bd1 Bxd1 38. Rxd1 Rd5 39. Kg2 Kxh5 40. Kf3 f5 41. Rd3 Kg5 42. Ke2 Kg4 43. Kd2 Kh3 44. Ke2 Kg2 45. Ke1 a5 46. Ke2 Re5+ 47. Kd2 Re4 0-1

[Event "GER-ch 67th"]
[Site "Binz"]
[Date "1995.??.??"]
[Round "6"]
[White "Lorscheid, Gerhard"]
[Black "Kachiani Gersinska, Ketino"]
[Result "0-1"]
[WhiteElo "2305"]
[BlackElo "2360"]
[EventDate "1995.11.??"]
[PlyCount "94"]

1. d4 Nf6 2. c4 g6 3. Nc3 Bg7 4. e4 O-O 5. Bg5 c6 6. Qd2 d5 7. e5 Ne4 8. Nxe4 dxe4 9. f3 f6 10. exf6 exf6 11. Be3 exf3 12. Nxf3 Bf5 13. Be2 Re8 14. O-O Qe7 15. Kf2 Na6 16. c5 Nb4 17. Bf4 Qxe2+ 18. Qxe2 Nd3+ 19. Qxd3 Bxd3 20. Rfe1 Kf7 21. Rad1 Be4 22. Re3 Bd5 23. b3 Rxe3 24. Bxe3 g5 25. g3 Kg6 26. Nd2 b5 27. Nb1 b4 28. Nd2 f5 29. Nc4 Rf8 30. Ne5+ Bxe5 31. dxe5 f4 32. gxf4 gxf4 33. Bc1 a5 34. Rd4 f3 35. Rg4+ Kf7 36. Bb2 Ke6 37. Bd4 Ra8 38. Rh4 Rg8 39. Rh6+ Kf5 40. Rh5+ Ke4 41. Rh4+ Kd3 42. Kf1 Kc2 43. Rxh7 Kb1 44. Ra7 Kxa2 45. Rxa5+ Kxb3 46. h4 Rg4 47. Bf2 Bc4+ 0-1

[Event "GER-ch 67th"]
[Site "Binz"]
[Date "1995.??.??"]
[Round "6"]
[White "Matthias, Heiner"]
[Black "Knuth, Hannes"]
[Result "1-0"]
[WhiteElo "2330"]
[BlackElo "2265"]
[EventDate "1995.11.??"]
[PlyCount "57"]

1. e4 c5 2. Nf3 Nc6 3. Bb5 e6 4. O-O Nge7 5. Re1 a6 6. Bxc6 Nxc6 7. d4 cxd4 8. Nxd4 Qc7 9. Nxc6 dxc6 10. e5 c5 11. Nd2 Be7 12. Qg4 Kf8 13. a4 Bd7 14. Nc4 h5 15. Qg3 h4 16. Qg4 h3 17. Ra3 hxg2 18. Rg3 g6 19. Re4 Bc6 20. Rf4 g5 21. Rf6 Bxf6 22. exf6 Rd8 23. Bxg5 Ke8 24. Bd2 Rd4 25. Qg7 Rdh4 26. Ba5 Rxh2 27. Qg8+ Rxg8 28. Rxg8+ Kd7 29. Ne5+ 1-0

[Event "GER-ch 67th"]
[Site "Binz"]
[Date "1995.??.??"]
[Round "6"]
[White "Pohlers, Juergen"]
[Black "Odendahl, Reiner"]
[Result "0-1"]
[WhiteElo "2105"]
[BlackElo "2370"]
[EventDate "1995.11.??"]
[PlyCount "110"]

1. d4 Nf6 2. c4 g6 3. Nc3 Bg7 4. g3 O-O 5. Bg2 d6 6. Nf3 Nc6 7. O-O Bf5 8. Nh4 Bd7 9. Rb1 Ne8 10. e3 e5 11. d5 Ne7 12. f4 exf4 13. exf4 Nf5 14. Nf3 Nf6 15. Re1 c6 16. Qb3 Qa5 17. Bd2 Qc5+ 18. Kh1 cxd5 19. cxd5 Rae8 20. Qa3 Qb6 21. Qb3 Qc5 22. Qa3 Qf2 23. Rf1 Qb6 24. Qb3 Qxb3 25. axb3 Ng4 26. Rfe1 Nd4 27. Nxd4 Nf2+ 28. Kg1 Bxd4 29. Rxe8 Rxe8 30. Kf1 Bf5 31. Re1 Bd3+ 32. Ne2 Ng4 33. Bf3 Nxh2+ 34. Kg2 Nxf3 35. Kxf3 Bxb2 36. Nc3 Rxe1 37. Bxe1 a6 38. Ne4 Bxe4+ 39. Kxe4 f5+ 40. Kd3 Kf7 41. Kc4 Ke7 42. Bf2 Bc1 43. Kd3 Ba3 44. Kc4 b5+ 45. Kd3 Bb4 46. Ke2 a5 47. Kd3 Kd7 48. Ke2 Kc7 49. Kd3 Bc5 50. Be1 Kb6 51. Kc2 a4 52. Kb1 axb3 53. Bc3 Bf2 54. Bb4 Bxg3 55. Bxd6 h5 0-1

[Event "GER-ch 67th"]
[Site "Binz"]
[Date "1995.??.??"]
[Round "6"]
[White "Roeber, Bjoern"]
[Black "Hennings, Artur"]
[Result "0-1"]
[WhiteElo "2210"]
[BlackElo "2345"]
[EventDate "1995.11.??"]
[PlyCount "44"]

1. d4 d6 2. c4 e5 3. Nf3 e4 4. Ng5 f5 5. Nc3 Be7 6. Nh3 Nf6 7. e3 O-O 8. Be2 c6 9. Bd2 Na6 10. Qc2 Kh8 11. a3 d5 12. c5 Nc7 13. b4 Bd7 14. a4 Qe8 15. g3 f4 16. Nxf4 g5 17. Ng2 Bh3 18. Rg1 Ng4 19. O-O-O Rxf2 20. Bxg4 Bxg4 21. Rdf1 Qf7 22. Rd1 Rf8 0-1

[Event "GER-ch 67th"]
[Site "Binz"]
[Date "1995.??.??"]
[Round "6"]
[White "Schirm, Friedmar"]
[Black "Womacka, Mathias"]
[Result "0-1"]
[WhiteElo "2315"]
[BlackElo "2490"]
[EventDate "1995.11.??"]
[PlyCount "34"]

1. Nf3 c5 2. g3 Nc6 3. Bg2 e5 4. O-O g6 5. c4 Bg7 6. Nc3 Nge7 7. Ne1 a6 8. Nc2 Rb8 9. Ne3 b5 10. cxb5 axb5 11. a4 Nd4 12. Ned5 Nxd5 13. Bxd5 b4 14. Ne4 d6 15. e3 Be6 16. Bxe6 Nxe6 17. Qb3 d5 0-1

[Event "GER-ch 67th"]
[Site "Binz"]
[Date "1995.??.??"]
[Round "6"]
[White "Schlosser, Philipp"]
[Black "Maiwald, Jens Uwe"]
[Result "1-0"]
[WhiteElo "2500"]
[BlackElo "2485"]
[EventDate "1995.11.??"]
[PlyCount "69"]

1. Nf3 d6 2. d4 c6 3. c4 Nf6 4. Nc3 Nbd7 5. e4 e5 6. Be2 Be7 7. O-O O-O 8. Be3 Ng4 9. Bd2 a6 10. d5 Ngf6 11. b4 c5 12. a3 g6 13. Bh6 Re8 14. Ne1 Kh8 15. Nd3 b6 16. Qd2 Ng8 17. Be3 f5 18. f4 Bf6 19. exf5 gxf5 20. Kh1 Qe7 21. Rac1 Bg7 22. fxe5 Nxe5 23. Nxe5 Bxe5 24. Bg5 Qg7 25. Bd3 h6 26. Bf4 Bd7 27. Ne2 Bb2 28. Bxd6 Bxa3 29. bxc5 bxc5 30. Rb1 a5 31. Rb7 Bb4 32. Qc1 Nf6 33. Ng3 Qg5 34. Bf4 Qh4 35. Qa1 1-0

[Event "GER-ch 67th"]
[Site "Binz"]
[Date "1995.??.??"]
[Round "6"]
[White "Schulz, Karsten"]
[Black "Machelett, Heiko"]
[Result "1-0"]
[WhiteElo "2315"]
[BlackElo "2385"]
[EventDate "1995.11.??"]
[PlyCount "171"]

1. c4 g6 2. Nc3 Bg7 3. g3 e5 4. Bg2 d6 5. e3 f5 6. Nge2 Nf6 7. d3 a5 8. Rb1 O-O 9. O-O c6 10. a3 Be6 11. b4 axb4 12. axb4 d5 13. cxd5 Nxd5 14. b5 Nxc3 15. Nxc3 e4 16. d4 Bc4 17. Re1 c5 18. Bf1 Bf7 19. Ne2 Nd7 20. Bb2 cxd4 21. Nxd4 Ne5 22. Ra1 Qd7 23. Rxa8 Rxa8 24. Qc2 Rc8 25. Qb1 h6 26. Rc1 Kh7 27. Rxc8 Qxc8 28. Be2 Bc4 29. Qc2 Qg8 30. Bxc4 Nxc4 31. Ba1 Qd5 32. Qa4 Nd6 33. Qb4 h5 34. h4 b6 35. Kg2 Kh8 36. Qa3 Kh7 37. Qa6 Nxb5 38. Nxb5 Bxa1 39. Qxb6 Qd1 40. Qc7+ Bg7 41. Nd4 f4 42. Ne6 Qf3+ 43. Kg1 Qd1+ 44. Kh2 fxg3+ 45. Qxg3 Qc2 46. Ng5+ Kg8 47. Qb8+ Bf8 48. Kg2 Qd1 49. Qf4 Qd5 50. Nxe4 Be7 51. Kh2 Kg7 52. Kg3 Qf5 53. Ng5 Qxf4+ 54. Kxf4 Kf6 55. Ke4 Bb4 56. Nf3 Ke6 57. Kf4 Kf6 58. Ke4 Ke6 59. Nd4+ Kf6 60. Nc2 Be7 61. Kf4 Bd6+ 62. Kf3 Ke5 63. Nd4 Bf8 64. Ne2 Bh6 65. Nc1 Kf5 66. Nd3 Bf8 67. e4+ Ke6 68. Nf4+ Kf6 69. Ke2 Bh6 70. Nd5+ Ke5 71. f3 Bc1 72. Kd3 Ba3 73. f4+ Ke6 74. Ke3 Bc5+ 75. Kf3 Ba3 76. Ne3 Bc1 77. e5 Bb2 78. Ke4 Bc3 79. Nc2 Bb2 80. Nd4+ Kf7 81. Nf3 Bc3 82. f5 gxf5+ 83. Kxf5 Bb4 84. Kg5 Ke6 85. Kxh5 Kf5 86. Nd4+ 1-0

[Event "GER-ch 67th"]
[Site "Binz"]
[Date "1995.??.??"]
[Round "6"]
[White "Siebrecht, Sebastian"]
[Black "Boensch, Uwe"]
[Result "0-1"]
[WhiteElo "2325"]
[BlackElo "2560"]
[EventDate "1995.11.??"]
[PlyCount "60"]

1. d4 Nf6 2. Nf3 e6 3. Bg5 d5 4. e3 Be7 5. Bd3 c5 6. c3 Qb6 7. Qc2 h6 8. Bh4 Nc6 9. O-O Bd7 10. dxc5 Qxc5 11. Nbd2 Rc8 12. Rac1 O-O 13. e4 d4 14. Nb3 Qh5 15. Qe2 dxc3 16. Rxc3 Nb4 17. Rxc8 Rxc8 18. e5 Nfd5 19. Bxe7 Nxe7 20. Bh7+ Kxh7 21. Qe4+ Ng6 22. Qxb4 Bc6 23. Nbd4 Bd5 24. Qe1 Nf4 25. Qe3 Qg4 26. g3 Nh3+ 27. Kg2 Rc4 28. Rd1 Ng5 29. h4 Rxd4 30. Rxd4 Qh3+ 0-1

[Event "GER-ch 67th"]
[Site "Binz"]
[Date "1995.??.??"]
[Round "6"]
[White "Teske, Henrik"]
[Black "Luther, Thomas"]
[Result "1/2-1/2"]
[WhiteElo "2500"]
[BlackElo "2550"]
[EventDate "1995.11.??"]
[PlyCount "24"]

1. e4 Nf6 2. e5 Nd5 3. Nc3 Nxc3 4. dxc3 d6 5. Bf4 g6 6. Nf3 Bg7 7. exd6 exd6 8. Bb5+ Bd7 9. Qe2+ Qe7 10. Qxe7+ Kxe7 11. Bxd7 Nxd7 12. O-O-O Rhe8 1/2-1/2

[Event "GER-ch 67th"]
[Site "Binz"]
[Date "1995.??.??"]
[Round "6"]
[White "Wahls, Matthias"]
[Black "Stern, Rene"]
[Result "1-0"]
[WhiteElo "2550"]
[BlackElo "2435"]
[EventDate "1995.11.??"]
[PlyCount "121"]

1. e4 e5 2. Nf3 Nc6 3. Bb5 a6 4. Ba4 Nf6 5. O-O b5 6. Bb3 Bc5 7. c3 d6 8. a4 Bb7 9. d4 Bb6 10. Bg5 h6 11. Bxf6 Qxf6 12. Bd5 O-O 13. Na3 Rfb8 14. Nc2 bxa4 15. Rxa4 a5 16. Re1 Re8 17. Ne3 Rab8 18. Ng4 Qg6 19. Nh4 Qg5 20. Nf5 exd4 21. h4 Qg6 22. cxd4 Ne7 23. Bxb7 Rxb7 24. Nge3 Rbb8 25. Qf3 Nxf5 26. Nxf5 Re6 27. Re3 Rbe8 28. Qf4 Kh8 29. Raa3 Qh7 30. Rad3 Rf6 31. Qg4 g6 32. Ng3 h5 33. Qd7 Rfe6 34. Re2 Qg7 35. Red2 R6e7 36. Qb5 Qf6 37. Nxh5 gxh5 38. Qxh5+ Kg7 39. Rf3 Qg6 40. Rg3 Qxg3 41. fxg3 Rxe4 42. Qg5+ Kf8 43. Qf6 R8e6 44. Qh8+ Ke7 45. Kh2 Rf6 46. d5 Rf1 47. Qh5 Bg1+ 48. Kh3 Bc5 49. Kh2 Bg1+ 50. Kh3 Bc5 51. Rd1 Rf2 52. Qg5+ Kd7 53. h5 Be3 54. Qg7 Rf5 55. g4 Bf2 56. g3 Rf3 57. Rd3 Be3 58. Qc3 f6 59. Qc6+ Kd8 60. Rb3 Rb4 61. Rc3 1-0

[Event "GER-ch 67th"]
[Site "Binz"]
[Date "1995.??.??"]
[Round "6"]
[White "Wesseln, Kai"]
[Black "Vuckovic, Aleksandar"]
[Result "1/2-1/2"]
[WhiteElo "2365"]
[BlackElo "2290"]
[EventDate "1995.11.??"]
[PlyCount "39"]

1. d4 Nf6 2. c4 e5 3. dxe5 Ng4 4. Bf4 Nc6 5. Nf3 Bb4+ 6. Nc3 Bxc3+ 7. bxc3 Qe7 8. Qd5 f6 9. exf6 Nxf6 10. Qd3 d6 11. e3 O-O 12. Be2 Kh8 13. O-O Ne4 14. Qc2 g5 15. Bd3 gxf4 16. Bxe4 fxe3 17. fxe3 Be6 18. Bd5 Bxd5 19. cxd5 Qxe3+ 20. Kh1 1/2-1/2

[Event "GER-ch 67th"]
[Site "Binz"]
[Date "1995.??.??"]
[Round "6"]
[White "Zude, Arno"]
[Black "Mainka, Romuald"]
[Result "1/2-1/2"]
[WhiteElo "2405"]
[BlackElo "2530"]
[EventDate "1995.11.??"]
[PlyCount "82"]

1. e4 c5 2. Nf3 d6 3. d4 cxd4 4. Nxd4 Nf6 5. Nc3 Nc6 6. Bg5 e6 7. Qd2 a6 8. O-O-O Qc7 9. Be2 Bd7 10. f4 Be7 11. Nf3 O-O-O 12. h3 Kb8 13. Qe3 Bc8 14. Rd2 d5 15. Bxf6 Bxf6 16. exd5 Ne7 17. Ne5 exd5 18. Bg4 Be6 19. Ne2 Bxe5 20. Qxe5 Qxe5 21. fxe5 Bxg4 22. hxg4 Nc6 23. e6 fxe6 24. Nf4 Rd6 25. c4 Ne5 26. cxd5 exd5 27. Rh5 Nxg4 28. Rg5 Ne3 29. Rxg7 h5 30. Re7 d4 31. Re4 Rc8+ 32. Kb1 Rdc6 33. a3 Rc1+ 34. Ka2 Nc2 35. Nd3 Rg1 36. Nb4 Ne3 37. Rh4 a5 38. Nd3 Rxg2 39. Rxg2 Nxg2 40. Rxh5 b6 41. Rd5 Ne3 1/2-1/2

[Event "GER-ch 67th"]
[Site "Binz"]
[Date "1995.??.??"]
[Round "7"]
[White "Boensch, Uwe"]
[Black "Lutz, Christopher"]
[Result "0-1"]
[WhiteElo "2560"]
[BlackElo "2575"]
[EventDate "1995.11.??"]
[PlyCount "30"]

1. d4 f5 2. c4 Nf6 3. Nc3 g6 4. Bf4 Bg7 5. e3 d6 6. h3 O-O 7. Nf3 e6 8. Be2 Qe7 9. Qc2 Nbd7 10. Bh2 e5 11. c5 e4 12. cxd6 cxd6 13. Nd2 Nb6 14. Nb5 Rd8 15. Nxa7 Rxa7 0-1

[Event "GER-ch 67th"]
[Site "Binz"]
[Date "1995.??.??"]
[Round "7"]
[White "Enders, Peter"]
[Black "Siebrecht, Sebastian"]
[Result "0-1"]
[WhiteElo "2470"]
[BlackElo "2325"]
[EventDate "1995.11.??"]
[PlyCount "98"]

1. e4 g6 2. Nf3 Bg7 3. d4 d6 4. Nc3 Bg4 5. Be2 Nc6 6. Be3 e5 7. d5 Nce7 8. O-O Nf6 9. Ne1 Bxe2 10. Qxe2 O-O 11. Rd1 Nd7 12. Qb5 f5 13. Qxb7 Rb8 14. Qxa7 f4 15. Bc1 Nc5 16. Qa5 Qd7 17. f3 g5 18. Nd3 Nxd3 19. Rxd3 g4 20. fxg4 Ra8 21. Qb5 Qxg4 22. Rh3 Ng6 23. Qe2 Qd7 24. Qh5 Bf6 25. b4 Rf7 26. b5 Rg7 27. Kh1 Kh8 28. a4 Rag8 29. Qf5 Qd8 30. g3 Rf8 31. Qh5 Bg5 32. Rg1 Qd7 33. gxf4 Bxf4 34. Rf3 Rfg8 35. Ne2 Qe7 36. Rf2 Ra8 37. Bb2 Be3 38. Rxg6 Rxg6 39. Rf3 Bc5 40. Rg3 Qf6 41. Rf3 Qg5 42. Qxg5 Rxg5 43. Ba3 Bb6 44. Bc1 Rg4 45. Ng3 Rxa4 46. Bh6 Rg6 47. Rf8+ Rg8 48. Rf7 Ra1+ 49. Kg2 Rg1+ 0-1

[Event "GER-ch 67th"]
[Site "Binz"]
[Date "1995.??.??"]
[Round "7"]
[White "Hennings, Artur"]
[Black "Meyer, Ingo"]
[Result "1-0"]
[WhiteElo "2345"]
[BlackElo "2305"]
[EventDate "1995.11.??"]
[PlyCount "73"]

1. e4 Nf6 2. d3 d5 3. Nd2 e5 4. Ngf3 Nc6 5. c3 Bc5 6. Be2 a5 7. O-O O-O 8. h3 Ba7 9. a4 Nh5 10. exd5 Qxd5 11. Ne4 f5 12. Ne1 fxe4 13. Bxh5 Be6 14. dxe4 Qxd1 15. Bxd1 Bc4 16. Nf3 Bxf1 17. Kxf1 Ne7 18. Bd2 Ng6 19. Be1 h6 20. h4 Rf6 21. h5 Nf4 22. Nxe5 Re8 23. Ng4 Rb6 24. Ne3 Rxe4 25. Bf3 Re8 26. Nc4 Rf6 27. Rd1 b6 28. g3 Nh3 29. Bd5+ Kh8 30. Kg2 Ng5 31. f4 Ne6 32. Ne5 Nc5 33. Bf2 Nxa4 34. Bf7 Rxe5 35. Rd8+ Kh7 36. Bg8+ Kh8 37. fxe5 1-0

[Event "GER-ch 67th"]
[Site "Binz"]
[Date "1995.??.??"]
[Round "7"]
[White "Kirschbaum, Gunnar"]
[Black "Pohlers, Juergen"]
[Result "1/2-1/2"]
[WhiteElo "2205"]
[BlackElo "2105"]
[EventDate "1995.11.??"]
[PlyCount "64"]

1. d4 Nf6 2. c4 b6 3. f3 e6 4. e4 d5 5. Nc3 Bb7 6. cxd5 exd5 7. Bd3 c5 8. e5 Nfd7 9. f4 Nc6 10. Nf3 cxd4 11. Nxd5 Nc5 12. Bc4 b5 13. Nf6+ gxf6 14. Bxf7+ Kxf7 15. O-O Qd5 16. exf6 h6 17. f5 Nd7 18. Bf4 Nxf6 19. Rc1 Re8 20. a3 Rg8 21. b4 a6 22. Qd3 Rg4 23. Bc7 Re3 24. Qd1 d3 25. Bg3 Rc4 26. Rxc4 bxc4 27. Qd2 Qe4 28. Qc3 Nd4 29. Qxc4+ Qd5 30. Qxd5+ Nxd5 31. Nxd4 Re4 32. Nf3 Kg8 1/2-1/2

[Event "GER-ch 67th"]
[Site "Binz"]
[Date "1995.??.??"]
[Round "7"]
[White "Kuraszkiewicz, Michael"]
[Black "Buchal, Stephan"]
[Result "1-0"]
[WhiteElo "2280"]
[BlackElo "2295"]
[EventDate "1995.11.??"]
[PlyCount "81"]

1. d4 g6 2. c4 Bg7 3. Nc3 d6 4. e4 Nc6 5. Be3 e5 6. d5 Nce7 7. f3 f5 8. Bd3 c5 9. g4 Nf6 10. h3 Bd7 11. Nge2 O-O 12. Qd2 Kh8 13. a3 a6 14. b4 b6 15. Rb1 Qc7 16. Bf2 Rf7 17. Qb2 fxe4 18. Nxe4 Nxe4 19. Bxe4 Raf8 20. bxc5 bxc5 21. Qb6 Qd8 22. Qxd8 Rxd8 23. Rb6 Bc8 24. O-O Bh6 25. Rfb1 Bd2 26. Rb8 Ba5 27. Ra8 Bc7 28. Nc3 Ng8 29. Bh4 Rdf8 30. Na4 Nf6 31. Bxf6+ Rxf6 32. Nb6 Bxb6 33. Rxb6 Rd8 34. Rbxa6 Bxa6 35. Rxd8+ Kg7 36. g5 Rf7 37. Rxd6 Bxc4 38. Rc6 Bb5 39. Rxc5 Bd7 40. h4 Bf5 41. d6 1-0

[Event "GER-ch 67th"]
[Site "Binz"]
[Date "1995.??.??"]
[Round "7"]
[White "Loew, Gerald"]
[Black "Wesseln, Kai"]
[Result "0-1"]
[WhiteElo "2285"]
[BlackElo "2365"]
[EventDate "1995.11.??"]
[PlyCount "88"]

1. e4 c5 2. Nf3 Nc6 3. d4 cxd4 4. Nxd4 g6 5. c4 Bg7 6. Be3 Nf6 7. Nc3 O-O 8. Be2 d6 9. O-O Bd7 10. Rc1 Nxd4 11. Bxd4 Bc6 12. f3 a5 13. b3 Nd7 14. Be3 b6 15. a3 Ra7 16. b4 axb4 17. axb4 Qa8 18. Qd2 Rc8 19. Rc2 Ra3 20. Rb1 h5 21. Bf1 Kh7 22. Bg5 Bf6 23. Rcc1 Rc7 24. Bxf6 Nxf6 25. Nd5 Bxd5 26. cxd5 Ra2 27. Qe3 Qc8 28. Bb5 Rcc2 29. Kh1 h4 30. Bd3 Qc3 31. Rxc2 Rxc2 32. Re1 Rb2 33. b5 Rb3 34. Rd1 Rxb5 35. h3 Nh5 36. e5 Ng3+ 37. Kh2 Nf5 38. Qf4 Rb4 39. Be4 Qxe5 40. Qxe5 dxe5 41. Bxf5 gxf5 42. d6 exd6 43. Rxd6 Kg7 44. Kg1 Rb2 0-1

[Event "GER-ch 67th"]
[Site "Binz"]
[Date "1995.??.??"]
[Round "7"]
[White "Luther, Thomas"]
[Black "Zude, Arno"]
[Result "0-1"]
[WhiteElo "2550"]
[BlackElo "2405"]
[EventDate "1995.11.??"]
[PlyCount "106"]

1. e4 e5 2. Nf3 Nc6 3. Bb5 a6 4. Ba4 Nf6 5. O-O Be7 6. Re1 b5 7. Bb3 d6 8. c3 O-O 9. h3 Nb8 10. d4 Nbd7 11. Nbd2 Bb7 12. Bc2 Re8 13. a4 Bf8 14. Bd3 c6 15. b3 Qc7 16. Bb2 g6 17. Qc2 Bg7 18. c4 bxa4 19. c5 axb3 20. Qxb3 d5 21. Rac1 dxe4 22. Ng5 exd3 23. Qxf7+ Kh8 24. dxe5 Nd5 25. Ne6 Rxe6 26. Qxe6 Nf4 27. Qe7 Qd8 28. Qd6 Qg5 29. g3 Ne2+ 30. Rxe2 dxe2 31. Nf3 Qf5 32. Nd4 Qxe5 33. Qxd7 e1=Q+ 34. Rxe1 Qxe1+ 35. Kg2 Qe4+ 36. Kh2 Rf8 37. Qxg7+ Kxg7 38. Nf5+ Kf7 39. Nd6+ Ke6 40. Nxe4 Kd5 41. Nf6+ Kc4 42. g4 Rf7 43. f4 Kxc5 44. Kg3 Kb4 45. f5 gxf5 46. g5 c5 47. h4 c4 48. h5 c3 49. Bc1 a5 50. h6 a4 51. Nxh7 Rxh7 52. g6 Rxh6 53. Bxh6 a3 0-1

[Event "GER-ch 67th"]
[Site "Binz"]
[Date "1995.??.??"]
[Round "7"]
[White "Machelett, Heiko"]
[Black "Knuth, Hannes"]
[Result "1/2-1/2"]
[WhiteElo "2385"]
[BlackElo "2265"]
[EventDate "1995.11.??"]
[PlyCount "145"]

1. d4 Nf6 2. c4 g6 3. Nc3 Bg7 4. g3 O-O 5. Bg2 d6 6. e4 e5 7. Nge2 Nc6 8. d5 Ne7 9. O-O c6 10. Qd3 cxd5 11. cxd5 a6 12. f3 Nd7 13. Be3 b5 14. b4 Rb8 15. a4 bxa4 16. Rxa4 f5 17. h3 f4 18. gxf4 exf4 19. Bxf4 Ne5 20. Bxe5 Bxe5 21. f4 Bg7 22. Kh1 Qb6 23. Raa1 Bd7 24. Rxa6 Qxb4 25. Ra7 Rbd8 26. Rb1 Qc5 27. Rab7 Nc8 28. Nd1 Rf7 29. Ne3 Bh6 30. Rc1 Qa5 31. Rf1 Rdf8 32. Ng4 Bg7 33. Rbb1 Nb6 34. Rf2 Na4 35. Qa3 Qc5 36. Qg3 Nc3 37. Nxc3 Bxg4 38. Na4 Qa7 39. hxg4 Qxa4 40. g5 Re8 41. Rbf1 Rxe4 42. Bxe4 Qxe4+ 43. Qg2 Qd4 44. Rd2 Qb4 45. Rdf2 Rf5 46. Qf3 Qd4 47. Rd1 Qa4 48. Re1 Qd4 49. Re4 Qxd5 50. Re8+ Kf7 51. Qxd5+ Rxd5 52. Rc8 Rc5 53. Ra8 Rc7 54. Rd2 Rd7 55. Kg2 h6 56. gxh6 Bxh6 57. Kg3 Kg7 58. Kg4 Rf7 59. Rd4 Kh7 60. Rd8 Bf8 61. Re4 Kg7 62. Re6 Kh7 63. Ree8 Kg7 64. Ra8 Rf6 65. Ra7+ Rf7 66. Ra5 Be7 67. Rb8 Kf6 68. Kf3 Ke6 69. Ke4 d5+ 70. Ke3 Rxf4 71. Rb6+ Ke5 72. Rxd5+ Kxd5 73. Kxf4 1/2-1/2

[Event "GER-ch 67th"]
[Site "Binz"]
[Date "1995.??.??"]
[Round "7"]
[White "Mainka, Romuald"]
[Black "Schlosser, Philipp"]
[Result "0-1"]
[WhiteElo "2530"]
[BlackElo "2500"]
[EventDate "1995.11.??"]
[PlyCount "79"]

1. e4 c5 2. Nf3 d6 3. d4 cxd4 4. Nxd4 Nf6 5. Nc3 a6 6. Be3 e6 7. f3 b5 8. g4 Bb7 9. Qd2 Nfd7 10. O-O-O Nb6 11. Nb3 Nc6 12. Qf2 Nd7 13. g5 Nce5 14. Rg1 Rc8 15. h4 b4 16. Na4 Qc7 17. Nb6 Rb8 18. Nxd7 Nxd7 19. h5 d5 20. Bh3 Rc8 21. f4 dxe4 22. f5 Bd5 23. Kb1 Bd6 24. g6 hxg6 25. fxe6 fxe6 26. Nd4 Nf8 27. h6 gxh6 28. Rgf1 Qe7 29. Qg2 Be5 30. Rf2 Rc7 31. Qf1 Bb7 32. Qg1 g5 33. Rdf1 Bd5 34. Bg4 h5 35. Be2 g4 36. Bxa6 g3 37. Rf7 Qxf7 38. Bb5+ Ke7 39. Rxf7+ Kxf7 40. Qf1+ 0-1

[Event "GER-ch 67th"]
[Site "Binz"]
[Date "1995.??.??"]
[Round "7"]
[White "Maiwald, Jens Uwe"]
[Black "Lagunow, Alexander"]
[Result "1-0"]
[WhiteElo "2485"]
[BlackElo "2395"]
[EventDate "1995.11.??"]
[PlyCount "121"]

1. e4 c5 2. Nf3 d6 3. d3 Nc6 4. g3 g6 5. Bg2 Bg7 6. O-O e5 7. c3 Nge7 8. a3 O-O 9. b4 h6 10. Nbd2 Be6 11. Bb2 Qd7 12. Nb3 b6 13. Rb1 cxb4 14. cxb4 b5 15. Rc1 a5 16. bxa5 Nxa5 17. Nxa5 Rxa5 18. d4 exd4 19. Qd2 Ra4 20. Nxd4 Bc4 21. Rfd1 d5 22. exd5 Nxd5 23. Ne2 Nb6 24. Qxd7 Nxd7 25. Bxg7 Kxg7 26. Rxc4 bxc4 27. Rxd7 Rc8 28. Bd5 c3 29. Bxf7 Rxa3 30. Nf4 c2 31. Bxg6+ Kg8 32. Bh7+ Kf8 33. Bxc2 Rxc2 34. Ng6+ Kg8 35. Ne5 Ra1+ 36. Kg2 Raa2 37. Ng4 Kf8 38. Rh7 Kg8 39. Rxh6 Kg7 40. Rd6 Rc3 41. h3 Rb3 42. Rc6 Rb1 43. Rc4 Rb3 44. Rf4 Rc3 45. h4 Ra5 46. Ne3 Rb3 47. g4 Ra2 48. Nf5+ Kg6 49. Ng3 Rbb2 50. g5 Rb6 51. Kh3 Rbb2 52. Rf6+ Kh7 53. Kg2 Ra5 54. Nf5 Rb4 55. Kg3 Raa4 56. g6+ Kg8 57. Rd6 Rb8 58. h5 Rf8 59. h6 Re8 60. h7+ Kh8 61. g7+ 1-0

[Event "GER-ch 67th"]
[Site "Binz"]
[Date "1995.??.??"]
[Round "7"]
[White "Molinaroli, Martin"]
[Black "Voekler, Bernd"]
[Result "0-1"]
[WhiteElo "2310"]
[BlackElo "2360"]
[EventDate "1995.11.??"]
[PlyCount "96"]

1. c4 c5 2. g3 g6 3. Bg2 Bg7 4. Nc3 Nc6 5. d3 d6 6. Nf3 e5 7. O-O Nge7 8. a3 h6 9. Rb1 Be6 10. b4 b6 11. Nd2 Rc8 12. b5 Nb8 13. Nd5 O-O 14. a4 Bxd5 15. cxd5 Nd7 16. Nc4 Qc7 17. Bd2 f5 18. e4 Rcd8 19. a5 g5 20. Ra1 f4 21. Bh3 Nf6 22. Be6+ Kh7 23. f3 h5 24. Qa4 Rb8 25. Ra2 Kg6 26. Rfa1 g4 27. gxf4 exf4 28. Kf2 Nh7 29. fxg4 Bd4+ 30. Kf1 hxg4 31. Bxg4 Ng8 32. Bf5+ Rxf5 33. exf5+ Kxf5 34. Qd1 Ng5 35. Qh5 Nf6 36. axb6 axb6 37. Qh4 Nxd5 38. Ra7 Qd8 39. Re1 Qf6 40. Rd7 Rh8 41. Nxd6+ Kg6 42. Qg4 Ne3+ 43. Bxe3 fxe3+ 44. Qf5+ Qxf5+ 45. Nxf5 Kxf5 46. Re2 Rf8 47. Rb7 Rf6 48. Ra2 Nh3 0-1

[Event "GER-ch 67th"]
[Site "Binz"]
[Date "1995.??.??"]
[Round "7"]
[White "Mueller, Matthias"]
[Black "Boehnisch, Manfred"]
[Result "1-0"]
[WhiteElo "2340"]
[BlackElo "2315"]
[EventDate "1995.11.??"]
[PlyCount "91"]

1. e4 c6 2. d4 d5 3. Nc3 dxe4 4. Nxe4 Bf5 5. Ng3 Bg6 6. h4 h6 7. Nf3 Nd7 8. h5 Bh7 9. Bd3 Bxd3 10. Qxd3 Qc7 11. Bd2 e6 12. Kf1 Ngf6 13. Re1 O-O-O 14. b4 Bd6 15. Rh4 Nd5 16. Qb3 Bxg3 17. fxg3 Ne7 18. c4 g5 19. hxg6 Nxg6 20. Rf4 Rhf8 21. c5 Rde8 22. a4 Re7 23. Rg4 e5 24. Bxh6 Rh8 25. Bg5 Re6 26. Bh4 Nxh4 27. gxh4 Nf6 28. Rg7 e4 29. Qxe6+ fxe6 30. Rxc7+ Kxc7 31. Ng5 Rxh4 32. Nxe6+ Kc8 33. Kf2 Rg4 34. g3 Nd5 35. Nf4 Nxf4 36. gxf4 Rxf4+ 37. Ke3 Rf3+ 38. Kxe4 Rb3 39. b5 Ra3 40. Ke5 Kc7 41. Re4 Rxa4 42. Rh4 Rb4 43. Rh7+ Kb8 44. d5 Rxb5 45. Rh8+ Kc7 46. d6+ 1-0